Contexto familiar: diferenias conductuales entre niños y niñas /
En este trabajo se investigan las diferencias por género en problemas de conducta. En una muestra de 200 sujetos (niños y niñas) entre 5 y 18 años de Granada (España), los resultados concluyen que los niños tienen más problemas de conducta delictiva que las niñas. Cuando existen conflictos matrimoni...
Salvato in:
| Autore principale: | |
|---|---|
| Natura: | testo |
| Soggetti: | |
| Tags: |
Aggiungi Tag
Nessun Tag, puoi essere il primo ad aggiungerne!!
|
MARC
| LEADER | 00000 a a2200000 04500 | ||
|---|---|---|---|
| 001 | 3874 | ||
| 003 | |||
| 040 | |||
| 100 | |a Ramírez Castillo, María Aurelia | ||
| 245 | |a Contexto familiar: |b diferenias conductuales entre niños y niñas / |c María Aurelia Ramírez Castillo | ||
| 520 | |a En este trabajo se investigan las diferencias por género en problemas de conducta. En una muestra de 200 sujetos (niños y niñas) entre 5 y 18 años de Granada (España), los resultados concluyen que los niños tienen más problemas de conducta delictiva que las niñas. Cuando existen conflictos matrimoniales y prácticas de crianza negativas, de nuevo los niños tienen más problemas externos que las niñas | ||
| 650 | |a NIÑOS | ||
| 650 | |a NIÑAS | ||
| 650 | |a ANALISIS COMPARATIVO | ||
| 650 | |a COMPORTAMIENTO | ||
| 650 | |a VIOLENCIA | ||
| 650 | |a DELINCUENCIA | ||
| 650 | |a ESPAÑA | ||
| 650 | |a GENERO | ||
| 773 | |g volumen 12, número 39; páginas 133-150 | ||
| 999 | |c 24996 |d 24996 | ||
| 773 | 0 | |0 40285 |9 10489 |a Universidad Autónoma del Estado de México. |d México: Universidad Autónoma del Estado de México, 1993- |o 01676 |t Convergencia: |x 14051435 | |
